[Event "Championnat de France 2011 - Open A"]
[Site "Caen"]
[Date "2011.08.21"]
[Round "6.5"]
[White "Brest, Jean-Francois"]
[Black "Laplanche, Denis"]
[Result "0-1"]
[WhiteElo "2016"]
[BlackElo "2125"]
[PlyCount "108"]
[EventDate "2011.??.??"]

1. d4 Nf6 2. c4 e6 3. g3 d5 4. Nf3 b6 5. Bg2 Ba6 6. cxd5 exd5 7. O-O Be7 8. Nc3
O-O 9. Ne5 c6 10. Rb1 Re8 11. b4 Bb7 12. f3 a5 13. a3 axb4 14. axb4 Nbd7 15.
Nd3 Nf8 16. Kh1 Ng6 17. Bd2 h5 18. Be1 Bd6 19. e4 dxe4 20. fxe4 Ng4 21. Qf3 Qf6
22. e5 Qxf3 23. Bxf3 Bf8 24. b5 Rac8 25. bxc6 Bxc6 26. Rxb6 Bxf3+ 27. Rxf3 Red8
28. h3 Nh6 29. Nb5 Ne7 30. Nd6 Ra8 31. Rb7 Ra4 32. Bf2 Ra3 33. Kg2 Nd5 34. Nxf7
Nxf7 35. Rbxf7 Rxd3 36. Rxf8+ Rxf8 37. Rxd3 h4 38. Ra3 hxg3 39. Kxg3 Kf7 40.
Ra5 Ke6 41. Ra6+ Kf5 42. Kf3 Rb8 43. Ra3 g5 44. h4 g4+ 45. Kg3 Nf4 46. Ra2 Rb3+
47. Kh2 Rh3+ 48. Kg1 Rd3 49. Ra6 g3 50. Bxg3 Rxg3+ 51. Kf2 Rh3 52. Rf6+ Ke4 53.
e6 Rf3+ 54. Kg1 Ne2+ 0-1

[Event "Championnat de France 2011 - Open A"]
[Site "Caen"]
[Date "2011.08.21"]
[Round "6.6"]
[White "Moucheroud, Jeremy"]
[Black "Purenne, Benoit"]
[Result "1/2-1/2"]
[WhiteElo "2089"]
[BlackElo "2006"]
[PlyCount "101"]
[EventDate "2011.??.??"]

1. e4 c5 2. Nf3 e6 3. d4 cxd4 4. Nxd4 Nc6 5. Nc3 a6 6. Be2 Qc7 7. O-O b5 8. Re1
Bb7 9. Nxc6 dxc6 10. e5 Ne7 11. Bd3 Ng6 12. Qh5 Bc5 13. Bxg6 fxg6 14. Qg4 O-O
15. Qxe6+ Kh8 16. Ne4 Bd4 17. Qd6 Bxe5 18. Qxc7 Bxc7 19. Be3 Be5 20. c3 Rad8
21. Bc5 Rfe8 22. Ng5 Kg8 23. f4 Bf6 24. Ne4 Bc8 25. Nd6 Re6 26. Nxc8 Rxe1+ 27.
Rxe1 Rxc8 28. g4 h6 29. Kg2 Kf7 30. Kg3 Rd8 31. h4 Rd2 32. g5 Bd8 33. b4 Rd7
34. Re4 Be7 35. Rd4 Rc7 36. Bd6 Rd7 37. Bc5 Rc7 38. Bd6 Rd7 39. Be5 Ra7 40. Re4
Ra8 41. Bxg7 hxg5 42. hxg5 a5 43. a3 c5 44. Be5 axb4 45. axb4 cxb4 46. cxb4 Ra4
47. Kg4 Rxb4 48. Re1 Rc4 49. Rh1 b4 50. Rh7+ Kf8 51. Rh8+ 1/2-1/2

[Event "Championnat de France 2011 - Open A"]
[Site "Caen"]
[Date "2011.08.21"]
[Round "6.7"]
[White "Viennot, Dylan"]
[Black "Zerafa, Jonathan"]
[Result "1/2-1/2"]
[WhiteElo "2150"]
[BlackElo "2062"]
[PlyCount "42"]
[EventDate "2011.??.??"]

1. e4 e5 2. Bc4 Nf6 3. Nc3 Nc6 4. d3 Bb4 5. Bg5 Bxc3+ 6. bxc3 d6 7. Ne2 Na5 8.
Bb3 Nxb3 9. axb3 c5 10. O-O h6 11. Bxf6 Qxf6 12. Qd2 Qg5 13. f4 exf4 14. Qxf4
Qxf4 15. Nxf4 Be6 16. Kf2 a6 17. Ke3 Rc8 18. c4 O-O 19. Rfb1 Rfe8 20. g4 Bxg4
21. Rg1 Bf5 1/2-1/2

[Event "Championnat de France 2011 - Open A"]
[Site "Caen"]
[Date "2011.08.21"]
[Round "6.8"]
[White "Ozenne, Corentin"]
[Black "Guezennec, Franck"]
[Result "0-1"]
[WhiteElo "2105"]
[BlackElo "2147"]
[PlyCount "92"]
[EventDate "2011.??.??"]

1. d4 d5 2. c4 e5 3. dxe5 d4 4. e4 Nc6 5. f4 g5 6. f5 Nxe5 7. Nf3 Nxf3+ 8. Qxf3
h5 9. Bd3 Bd6 10. O-O f6 11. c5 Be5 12. b4 Qe7 13. Nd2 Nh6 14. Nc4 Ng4 15. g3
Bd7 16. h3 Nh6 17. Qg2 O-O-O 18. b5 c6 19. Ba3 Nf7 20. Rab1 h4 21. Na5 hxg3 22.
Nxb7 g4 23. h4 Rxh4 24. Nd6+ Nxd6 25. cxd6 Qh7 26. bxc6 Bxc6 27. Rfc1 Kd7 28.
Rxc6 Ke8 29. Rc7 Qh6 30. Re7+ Kf8 31. Bc1 Bf4 32. Bc4 Be3+ 33. Kf1 Rh1+ 34. Ke2
d3+ 35. Kxd3 Rxd6+ 36. Bd5 Bxc1 37. Rf7+ Ke8 38. Rb8+ Rd8 39. Rbb7 Qe3+ 40. Kc4
Rc8+ 41. Rfc7 Rxc7+ 42. Rxc7 Rh2 43. Bc6+ Kd8 44. Rd7+ Kc8 45. Qf1 Rc2+ 46. Kd5
Qd2+ 0-1

[Event "Championnat de France 2011 - Open A"]
[Site "Caen"]
[Date "2011.08.21"]
[Round "6.9"]
[White "Agrech, Pierre"]
[Black "Louis, Thibault"]
[Result "1/2-1/2"]
[WhiteElo "2142"]
[BlackElo "2071"]
[PlyCount "193"]
[EventDate "2011.??.??"]

1. c4 e5 2. Nc3 Nf6 3. Nf3 d6 4. d4 Nbd7 5. g3 g6 6. Bg2 Bg7 7. O-O O-O 8. b3
Re8 9. Bb2 exd4 10. Nxd4 Nc5 11. e3 c6 12. Qc2 Qb6 13. Rad1 a5 14. Ba3 Ng4 15.
Nde2 Qc7 16. Rd2 Bh6 17. Rd4 Bg7 18. Rdd1 Be6 19. Nf4 Rad8 20. Nxe6 Rxe6 21.
Ne4 Nxe4 22. Bxe4 Rde8 23. Bg2 f5 24. Rd2 Bh6 25. Bb2 R8e7 26. Rfd1 Nxe3 27.
fxe3 Bxe3+ 28. Kh1 Bxd2 29. Qxd2 Re2 30. Qc3 Qb6 31. Qh8+ Kf7 32. Qxh7+ Kf8 33.
Qh8+ Kf7 34. Qf6+ Ke8 35. Qxg6+ Kd7 36. Qxd6+ Kc8 37. Bf6 R2e6 38. Bxe7 Rxd6
39. Bxd6 Qf2 40. Rf1 Qxa2 41. Rxf5 b6 42. Rf3 Qd2 43. c5 bxc5 44. Bxc5 Qd1+ 45.
Bg1 Kd7 46. Rc3 c5 47. Rxc5 Qxb3 48. Rxa5 Ke7 49. Rf5 Qc3 50. Rf4 Qh8 51. g4
Qh4 52. h3 Ke6 53. Rf5 Qe1 54. Kh2 Qe2 55. Bd4 Qd2 56. Rf6+ Ke7 57. Be5 Qe2 58.
Rf5 Ke6 59. Bg3 Qd2 60. Rf4 Qd1 61. g5 Qh5 62. Rf6+ Ke7 63. Rh6 Qe2 64. Rh7+
Kf8 65. h4 Kg8 66. g6 Qc2 67. h5 Qc5 68. Bf4 Qf5 69. Kg3 Qc5 70. Bf3 Qg1+ 71.
Kh4 Qd4 72. Rf7 Qf2+ 73. Bg3 Qd4+ 74. Rf4 Qd8+ 75. Kh3 Qd7+ 76. Rg4 Qf5 77. h6
Qxf3 78. Rh4 Qh1+ 79. Kg4 Qe4+ 80. Kg5 Qe7+ 81. Kf5 Qf8+ 82. Kg4 Qc8+ 83. Kf4
Qc4+ 84. Kf5 Qc8+ 85. Kg5 Qc5+ 86. Kg4 Qc8+ 87. Kf3 Qf5+ 88. Bf4 Qd3+ 89. Be3
Qf5+ 90. Kg3 Qe5+ 91. Kf2 Qf5+ 92. Kg3 Qe5+ 93. Kg2 Qd5+ 94. Kg1 Qd1+ 95. Kf2
Qc2+ 96. Kf3 Qf5+ 97. Kg3 1/2-1/2

[Event "Championnat de France 2011 - Open A"]
[Site "Caen"]
[Date "2011.08.21"]
[Round "6.10"]
[White "Chaplain, Fabrice"]
[Black "Jarreton, Herve"]
[Result "1-0"]
[WhiteElo "2133"]
[BlackElo "2008"]
[PlyCount "81"]
[EventDate "2011.??.??"]

1. c3 c5 2. e4 e5 3. Nf3 Nc6 4. Bc4 Be7 5. O-O Nf6 6. d3 O-O 7. Nbd2 Qc7 8. Re1
Na5 9. Bb5 a6 10. Ba4 b5 11. Bc2 Nc6 12. Nf1 d5 13. exd5 Nxd5 14. Qe2 Nf4 15.
Bxf4 exf4 16. d4 cxd4 17. cxd4 Bg4 18. Qe4 g6 19. d5 Nb4 20. Bb3 Bd6 21. Rac1
Qb6 22. a3 Bf5 23. Qe2 Nd3 24. Rc6 Qd8 25. Rd1 Re8 26. Qd2 Nc5 27. Ba2 Ne4 28.
Qd4 Bg4 29. Rd3 Bxf3 30. Rxf3 Ng5 31. Rxf4 Bxf4 32. Qxf4 Re2 33. h4 Rxb2 34.
hxg5 Rxa2 35. Rc7 Qf8 36. Ne3 Re2 37. Ng4 f5 38. Nh6+ Qxh6 39. gxh6 Rae8 40.
Rg7+ Kh8 41. Qc7 1-0

[Event "Championnat de France 2011 - Open A"]
[Site "Caen"]
[Date "2011.08.23"]
[Round "7.1"]
[White "Naudier, Serge"]
[Black "Laplanche, Denis"]
[Result "1/2-1/2"]
[WhiteElo "2194"]
[BlackElo "2125"]
[PlyCount "119"]
[EventDate "2011.??.??"]

1. e4 c5 2. Nf3 e6 3. d4 cxd4 4. Nxd4 Nc6 5. Nc3 Qc7 6. Ndb5 Qb8 7. a4 a6 8.
Na3 Nf6 9. Bd3 Bc5 10. f4 h5 11. e5 Ng4 12. Ne4 Be3 13. Nc4 Bxc1 14. Ned6+ Kf8
15. Qxc1 b5 16. axb5 axb5 17. Rxa8 Qxa8 18. Nxb5 Na7 19. Nxa7 Qxa7 20. Kd2 Ba6
21. Qg1 Qxg1 22. Rxg1 Ke7 23. Ne3 Bb7 24. h3 Nf2 25. Nc4 Rb8 26. Nd6 Bc6 27. b3
Rb4 28. Bc4 Ne4+ 29. Nxe4 Bxe4 30. g3 f6 31. exf6+ Kxf6 32. Kc3 Rb8 33. Bd3 Bf5
34. g4 Bxd3 35. Kxd3 Rb4 36. Ke3 hxg4 37. hxg4 g5 38. Rf1 d5 39. fxg5+ Kxg5 40.
Rg1 e5 41. Kd3 Rb8 42. Re1 Kf4 43. g5 Rb6 44. Rg1 Rg6 45. b4 e4+ 46. Kd4 Kf3
47. Rf1+ Ke2 48. Rf5 Kd2 49. Rxd5 Re6 50. g6 Rxg6 51. Kxe4+ Kxc2 52. Kd4 Kb3
53. Kc5 Ka4 54. Rd4 Rg5+ 55. Kc4 Rb5 56. Kc3 Rh5 57. Rd3 Kb5 58. Rg3 Rf5 59.
Kb3 Rh5 60. Rf3 1/2-1/2

[Event "Championnat de France 2011 - Open A"]
[Site "Caen"]
[Date "2011.08.23"]
[Round "7.2"]
[White "Naudion, Gregoire"]
[Black "Najart, David"]
[Result "1-0"]
[WhiteElo "2051"]
[BlackElo "2024"]
[PlyCount "105"]
[EventDate "2011.??.??"]

1. e4 c5 2. Nf3 d6 3. d4 cxd4 4. Nxd4 Nf6 5. Nc3 a6 6. Be2 e6 7. O-O Be7 8. Be3
O-O 9. f4 Qc7 10. Bf3 Nc6 11. a4 Rb8 12. Kh1 Re8 13. Qd2 Bf8 14. a5 Nd7 15.
Rfd1 Nc5 16. Nce2 e5 17. Nf5 Rd8 18. Nfg3 Be6 19. f5 Bc8 20. Nc3 Nb4 21. Nd5
Nxd5 22. Qxd5 Bd7 23. b4 Bc6 24. Qd2 Nd7 25. c4 b5 26. axb6 Nxb6 27. Rdc1 Qb7
28. Rab1 Nd7 29. Be2 Nf6 30. b5 Nxe4 31. bxc6 Qxb1 32. Nxe4 Qxe4 33. c7 Qxf5
34. cxd8=Q Rxd8 35. c5 d5 36. Bxa6 d4 37. Bg1 Ra8 38. Bb7 Rb8 39. c6 Qe4 40. c7
Qxb7 41. cxb8=Q Qxb8 42. Qc2 g6 43. h3 h5 44. Bh2 Qb5 45. Qc4 Qxc4 46. Rxc4 Bg7
47. Rc8+ Kh7 48. Re8 d3 49. Kg1 e4 50. Kf1 f5 51. g4 Bf6 52. Be5 Kg7 53. Re7+
1-0

[Event "Championnat de France 2011 - Open A"]
[Site "Caen"]
[Date "2011.08.23"]
[Round "7.3"]
[White "Bordet, Matthieu"]
[Black "Moucheroud, Jeremy"]
[Result "0-1"]
[WhiteElo "2127"]
[BlackElo "2089"]
[PlyCount "84"]
[EventDate "2011.??.??"]

1. d4 Nf6 2. c4 c6 3. Nc3 d5 4. Nf3 e6 5. Bg5 dxc4 6. e4 b5 7. e5 h6 8. Bh4 g5
9. exf6 gxh4 10. Ne5 Qxf6 11. Be2 Nd7 12. Nxc6 Bb7 13. Bf3 a6 14. O-O Rc8 15.
Ne5 Bxf3 16. Nxf3 Rg8 17. Qe2 Qf5 18. Kh1 Be7 19. Rae1 Rg6 20. Ne4 Kf8 21. g3
Rg4 22. Nxh4 Bxh4 23. f3 Rg6 24. Nd6 Qh3 25. Nxc8 Bxg3 26. Rd1 Rg5 27. Rg1 Nf6
28. Rd2 Nh5 29. Qf1 Qh4 30. Nb6 Bf4 31. Rdg2 Rxg2 32. Rxg2 Ng3+ 33. Rxg3 Bxg3
34. Qe2 Qxd4 35. Nxc4 Bxh2 36. Qxh2 Qd1+ 37. Qg1 Qxf3+ 38. Kh2 Qh5+ 39. Kg3
Qg5+ 40. Kf2 Qxg1+ 41. Kxg1 bxc4 42. Kf2 h5 0-1

[Event "Championnat de France 2011 - Open A"]
[Site "Caen"]
[Date "2011.08.23"]
[Round "7.4"]
[White "Purenne, Benoit"]
[Black "Duboue, Peio"]
[Result "1-0"]
[WhiteElo "2006"]
[BlackElo "2156"]
[PlyCount "89"]
[EventDate "2011.??.??"]

1. d4 d5 2. c4 e6 3. Nc3 Be7 4. cxd5 exd5 5. Bf4 Nf6 6. e3 O-O 7. Bd3 c6 8. Qc2
Nbd7 9. Nf3 Re8 10. O-O Nf8 11. Ne5 Nh5 12. Bg3 Nxg3 13. hxg3 Bd6 14. Nf3 Bg4
15. Nh2 Bh5 16. Rae1 Bg6 17. Bxg6 Nxg6 18. f4 Ne7 19. g4 Qd7 20. Rf3 f5 21. Rh3
g6 22. g5 Nc8 23. Nf3 Nb6 24. Kf2 Re7 25. Ne2 Qe6 26. Ne5 Rc8 27. Nd3 Nc4 28.
Nc3 Nb6 29. Ne2 Nd7 30. Rc1 Rce8 31. Ne5 Bb8 32. Qb3 Nb6 33. a4 Bxe5 34. fxe5
Nc4 35. Qc3 Rf7 36. b3 Nb6 37. a5 Nd7 38. Nf4 Qe7 39. e6 Rg7 40. exd7 Qxd7 41.
a6 bxa6 42. Qxc6 Qxc6 43. Rxc6 Rb8 44. Nxd5 Rxb3 45. Nf6+ 1-0

[Event "Championnat de France 2011 - Open A"]
[Site "Caen"]
[Date "2011.08.23"]
[Round "7.5"]
[White "Guezennec, Franck"]
[Black "Malka, Samuel"]
[Result "*"]
[WhiteElo "2147"]
[BlackElo "2071"]
[PlyCount "80"]
[EventDate "2011.??.??"]

1. e4 c5 2. Nc3 d6 3. f4 g6 4. Nf3 Bg7 5. Bc4 Nc6 6. O-O e6 7. f5 exf5 8. d3
Nf6 9. Qe1 O-O 10. Qh4 Ne5 11. Bg5 h6 12. Bxh6 Nxc4 13. dxc4 Nxe4 14. Ng5 Nxg5
15. Bxg5 Bd4+ 16. Kh1 f6 17. Bd2 g5 18. Qh6 Rf7 19. Rae1 Bd7 20. Nd5 Qf8 21.
Qh5 Be5 22. Bc3 Qg7 23. Bxe5 fxe5 24. Rd1 Be6 25. Ne3 Rd8 26. b3 f4 27. Nd5 g4
28. Qh4 Rdd7 29. Rd2 Qg6 30. Rfd1 Bxd5 31. Rxd5 Rh7 32. Qe1 Qh6 33. Qg1 g3 34.
h3 f3 35. Qf1 f2 36. Qe2 Rhg7 37. Qf1 Qe6 38. R1d3 Rg6 39. Re3 Rdg7 40. Rd1
Qxh3+ *

[Event "Championnat de France 2011 - Open A"]
[Site "Caen"]
[Date "2011.08.23"]
[Round "7.6"]
[White "Heinrich, Nicolas"]
[Black "Chaplain, Fabrice"]
[Result "1/2-1/2"]
[WhiteElo "1998"]
[BlackElo "2133"]
[PlyCount "52"]
[EventDate "2011.??.??"]

1. e4 c5 2. Nf3 Nc6 3. Bb5 g6 4. Bxc6 dxc6 5. d3 Bg7 6. h3 Nf6 7. Nc3 Nd7 8.
Be3 e5 9. Qd2 Qe7 10. O-O Nf8 11. Bh6 Ne6 12. Bxg7 Nxg7 13. Nh2 O-O 14. f4 exf4
15. Qxf4 f5 16. Rae1 Nh5 17. Qh6 f4 18. Nf3 Be6 19. Qg5 Qd6 20. e5 Qc7 21. Ne4
Rf5 22. Qh4 b6 23. Nd6 Rff8 24. Ng5 Qe7 25. Nf3 Qg7 26. Ng5 Qe7 1/2-1/2

[Event "Championnat de France 2011 - Open A"]
[Site "Caen"]
[Date "2011.08.23"]
[Round "7.8"]
[White "Bourdonnais, Loic"]
[Black "Barbini, Denis"]
[Result "0-1"]
[WhiteElo "2165"]
[BlackElo "2100"]
[PlyCount "56"]
[EventDate "2011.??.??"]

1. e4 e5 2. Nc3 Nf6 3. Bc4 Bc5 4. f4 d6 5. Nf3 Nc6 6. d3 Bg4 7. Na4 Bxf3 8.
Qxf3 Nd4 9. Qd1 b5 10. Nxc5 bxc4 11. fxe5 dxc5 12. Bg5 h6 13. exf6 hxg5 14.
fxg7 Rg8 15. c3 Ne6 16. Qa4+ Qd7 17. Qxc4 Rxg7 18. O-O Rd8 19. Rad1 Kf8 20. Rf5
c6 21. b4 cxb4 22. d4 bxc3 23. d5 Kg8 24. Qxc3 Nf4 25. Qd2 Qe7 26. Re1 cxd5 27.
exd5 Qc5+ 28. Kh1 Rxd5 0-1

[Event "Championnat de France 2011 - Open A"]
[Site "Caen"]
[Date "2011.08.23"]
[Round "7.9"]
[White "Deiller, Pascal"]
[Black "Cristofari, Antoine"]
[Result "1/2-1/2"]
[WhiteElo "2075"]
[BlackElo "2157"]
[PlyCount "53"]
[EventDate "2011.??.??"]

1. e4 g6 2. d4 Bg7 3. Nc3 c6 4. Nf3 d5 5. exd5 cxd5 6. Bb5+ Nc6 7. O-O Bg4 8.
h3 Bxf3 9. Qxf3 e6 10. Ne2 Nge7 11. c3 O-O 12. Bxc6 Nxc6 13. Nf4 Na5 14. Re1
Nc4 15. Nd3 Rc8 16. Bf4 Qa5 17. Qe2 Rfe8 18. Ne5 b5 19. a3 Qd8 20. Nd3 a5 21.
Qf3 b4 22. axb4 axb4 23. b3 Na5 24. Nxb4 Nxb3 25. Ra3 Na5 26. Rea1 Nc6 27. Nxc6
1/2-1/2

[Event "Championnat de France 2011 - Open A"]
[Site "Caen"]
[Date "2011.08.23"]
[Round "7.10"]
[White "Leriche, Luc"]
[Black "Viennot, Dylan"]
[Result "1/2-1/2"]
[WhiteElo "2002"]
[BlackElo "2150"]
[PlyCount "103"]
[EventDate "2011.??.??"]

1. e4 e6 2. d4 d5 3. Nd2 Be7 4. Ngf3 Nf6 5. e5 Nfd7 6. c3 c5 7. Bd3 Nc6 8. O-O
a5 9. Re1 cxd4 10. cxd4 g5 11. h3 h5 12. Nf1 g4 13. hxg4 hxg4 14. N3h2 Nxd4 15.
Qxg4 Bc5 16. Bg5 Qb6 17. Be3 Qxb2 18. Qg7 Rf8 19. Ng4 Qa3 20. Red1 Nc6 21. Bxc5
Qxc5 22. Ng3 Kd8 23. Rac1 Qe7 24. Nh5 Kc7 25. Nf4 Nb6 26. Ng6 Rg8 27. Qxg8 fxg6
28. Qxg6 Bd7 29. Qf6 Qb4 30. Ne3 Rf8 31. Qg5 Na4 32. Qg7 Qf4 33. Rc2 Rf7 34.
Qg4 Kd8 35. Qxf4 Rxf4 36. g3 Rf8 37. Bb5 Nxe5 38. Bxd7 Kxd7 39. f4 Nc6 40. a3
b5 41. f5 Ne7 42. fxe6+ Kxe6 43. Kg2 b4 44. axb4 axb4 45. Rf1 Rb8 46. Rcc1 b3
47. Nd1 Nf5 48. Rf4 b2 49. Rb1 d4 50. g4 Ne3+ 51. Nxe3 Nc3 52. Nd1 1/2-1/2

[Event "Championnat de France 2011 - Open A"]
[Site "Caen"]
[Date "2011.08.24"]
[Round "8.1"]
[White "Naudion, Gregoire"]
[Black "Naudier, Serge"]
[Result "1/2-1/2"]
[WhiteElo "2051"]
[BlackElo "2194"]
[PlyCount "58"]
[EventDate "2011.??.??"]

1. e4 c5 2. Nf3 d6 3. d4 Nf6 4. Nc3 cxd4 5. Nxd4 g6 6. Be2 Bg7 7. O-O O-O 8.
Bg5 Nc6 9. Nb3 a6 10. f4 b5 11. a3 Bb7 12. Kh1 Nd7 13. Bf3 Nb6 14. Qe2 Nc4 15.
Nd5 Bxb2 16. Rad1 Bg7 17. a4 Re8 18. e5 h6 19. axb5 axb5 20. exd6 hxg5 21. d7
Rf8 22. Nc5 Nd6 23. Nxb7 Nxb7 24. Qxb5 Nba5 25. Qc5 Ra7 26. Nb4 Rxd7 27. Nxc6
Nxc6 28. Qxc6 Rd6 29. Rxd6 exd6 1/2-1/2

[Event "Championnat de France 2011 - Open A"]
[Site "Caen"]
[Date "2011.08.24"]
[Round "8.2"]
[White "Laplanche, Denis"]
[Black "Purenne, Benoit"]
[Result "1/2-1/2"]
[WhiteElo "2125"]
[BlackElo "2006"]
[PlyCount "81"]
[EventDate "2011.??.??"]

1. d4 Nf6 2. Nf3 e6 3. c4 b6 4. Nc3 Bb4 5. Bg5 Bb7 6. e3 Bxc3+ 7. bxc3 h6 8.
Bh4 g5 9. Bg3 Ne4 10. Bd3 f5 11. Be5 O-O 12. Nd2 Nxd2 13. Qh5 Kh7 14. h4 Bxg2
15. Kxd2 Bxh1 16. hxg5 Qxg5 17. Qxh1 Nc6 18. Rg1 Qe7 19. Bf4 Rf6 20. d5 Rg8 21.
Rxg8 Kxg8 22. dxc6 d6 23. Qh4 Qg7 24. Bxd6 Rf7 25. Bf4 e5 26. Bxh6 Qf6 27. Qg3+
Kh8 28. Bg5 Qe6 29. Qh3+ Kg8 30. c5 e4 31. Bc2 bxc5 32. Bb3 c4 33. Ba4 Rf8 34.
Kc2 Qd5 35. Bh6 Rf7 36. Bf4 Rg7 37. Kb2 Qd2+ 38. Bc2 Qd5 39. Ba4 Qd2+ 40. Bc2
Qd5 41. Ba4 1/2-1/2

[Event "Championnat de France 2011 - Open A"]
[Site "Caen"]
[Date "2011.08.24"]
[Round "8.3"]
[White "Moucheroud, Jeremy"]
[Black "Malka, Samuel"]
[Result "0-1"]
[WhiteElo "2089"]
[BlackElo "2071"]
[PlyCount "70"]
[EventDate "2011.??.??"]

1. e4 c5 2. Nc3 d6 3. Nge2 Nc6 4. d4 cxd4 5. Nxd4 g6 6. Bc4 Bg7 7. Be3 Nf6 8.
f3 O-O 9. Qd2 Bd7 10. O-O-O Rb8 11. Kb1 b5 12. Bb3 Na5 13. g4 Nc4 14. Bxc4 bxc4
15. Ka1 Qb6 16. Rb1 Qa5 17. h4 Rb6 18. Nde2 Ra6 19. Bh6 Bxh6 20. Qxh6 Rb8 21.
Qg5 Rb5 22. Qe3 Bxg4 23. fxg4 Nxg4 24. Qh3 f5 25. Nc1 Re5 26. Rf1 d5 27. exd5
Ne3 28. Qh2 e6 29. Rg1 exd5 30. h5 d4 31. hxg6 Rxg6 32. Rh1 h6 33. Nd1 Rg2 34.
b4 Nxc2+ 35. Kb2 Qa3# 0-1

[Event "Championnat de France 2011 - Open A"]
[Site "Caen"]
[Date "2011.08.24"]
[Round "8.4"]
[White "Agrech, Pierre"]
[Black "Heinrich, Nicolas"]
[Result "1-0"]
[WhiteElo "2142"]
[BlackElo "1998"]
[PlyCount "83"]
[EventDate "2011.??.??"]

1. c4 Nf6 2. Nf3 g6 3. b4 Bg7 4. Bb2 O-O 5. g3 d6 6. Bg2 a5 7. a3 axb4 8. axb4
Rxa1 9. Bxa1 c6 10. O-O Qb6 11. Qb3 Na6 12. Bc3 Be6 13. Nd4 Bd7 14. d3 e5 15.
Nc2 Bg4 16. Re1 Ra8 17. Nd2 Bh6 18. c5 dxc5 19. Nc4 Qd8 20. b5 cxb5 21. Qxb5
Nc7 22. Qxc5 Nd7 23. Qb4 Ra2 24. Qb1 Ra4 25. Bxb7 f6 26. Nxe5 fxe5 27. Qb3+ Be6
28. Qxa4 Nc5 29. Qc6 Nxb7 30. Bxe5 Qd5 31. Qxc7 Bf8 32. Ne3 Qb3 33. Qc3 Qb5 34.
Qb2 Qd7 35. d4 Nd8 36. d5 Bh3 37. Ng2 Nf7 38. Bf6 Qf5 39. Nf4 Nh6 40. Qe5 Qg4
41. Rb1 Nf7 42. Qe6 1-0

[Event "Championnat de France 2011 - Open A"]
[Site "Caen"]
[Date "2011.08.24"]
[Round "8.5"]
[White "Chaplain, Fabrice"]
[Black "Najart, David"]
[Result "1/2-1/2"]
[WhiteElo "2133"]
[BlackElo "2024"]
[PlyCount "61"]
[EventDate "2011.??.??"]

1. c3 Nf6 2. Nf3 d5 3. g3 c5 4. Bg2 Nc6 5. O-O e5 6. d3 h6 7. e4 d4 8. cxd4
cxd4 9. Nbd2 Bg4 10. Qa4 Nd7 11. Nc4 Nc5 12. Qd1 b5 13. Na3 a6 14. h3 Be6 15.
Ne1 Be7 16. f4 O-O 17. f5 Bd7 18. h4 Rc8 19. Rf2 Na4 20. Nac2 b4 21. Rb1 Nc5
22. Na1 Qa5 23. Nb3 Qa4 24. f6 Bxf6 25. Rxf6 gxf6 26. Bxh6 Nxb3 27. axb3 Qa2
28. Ra1 Qxb2 29. Rb1 Qc3 30. Rc1 Qb2 31. Rb1 1/2-1/2

[Event "Championnat de France 2011 - Open A"]
[Site "Caen"]
[Date "2011.08.24"]
[Round "8.6"]
[White "Barbini, Denis"]
[Black "Bilquez, Romain"]
[Result "1-0"]
[WhiteElo "2100"]
[BlackElo "2130"]
[PlyCount "61"]
[EventDate "2011.??.??"]

1. e4 e6 2. d4 d5 3. Nc3 Nf6 4. e5 Nfd7 5. f4 c5 6. Nf3 Nc6 7. Be3 Qb6 8. Na4
Qa5+ 9. c3 cxd4 10. b4 Nxb4 11. cxb4 Bxb4+ 12. Bd2 Bxd2+ 13. Nxd2 b5 14. Nb2
O-O 15. Bd3 Nb6 16. O-O Nc4 17. Bxh7+ Kxh7 18. Qh5+ Kg8 19. Nf3 f6 20. Nxc4
dxc4 21. Ng5 fxg5 22. fxg5 Rf5 23. Qe8+ Kh7 24. Qh5+ Kg8 25. g4 Rxg5 26. Qxg5
Qc7 27. Qg6 d3 28. Qe8+ Kh7 29. Rf3 Qc5+ 30. Kf1 Qf8 31. Rxf8 1-0

[Event "Championnat de France 2011 - Open A"]
[Site "Caen"]
[Date "2011.08.24"]
[Round "8.7"]
[White "Veron, Cyprien"]
[Black "Bordet, Matthieu"]
[Result "1-0"]
[WhiteElo "2062"]
[BlackElo "2127"]
[PlyCount "61"]
[EventDate "2011.??.??"]

1. Nf3 Nf6 2. c4 g6 3. g3 Bg7 4. Bg2 O-O 5. O-O d6 6. d4 c6 7. Nc3 Qa5 8. e4 e5
9. h3 h6 10. Rb1 Nbd7 11. b4 Qc7 12. Be3 Re8 13. Qb3 a6 14. d5 c5 15. a3 b6 16.
Nh2 Rf8 17. Ng4 Kh7 18. f4 Nxg4 19. hxg4 Nf6 20. bxc5 bxc5 21. g5 Ng4 22. gxh6
Bxh6 23. Bd2 exf4 24. gxf4 Bg7 25. Ne2 Rh8 26. Qb6 Qe7 27. Rf3 Bf5 28. Qb7 Qe8
29. exf5 Qxe2 30. Qxf7 gxf5 31. Bc3 1-0

[Event "Championnat de France 2011 - Open A"]
[Site "Caen"]
[Date "2011.08.24"]
[Round "8.8"]
[White "Devallee, Jeremie"]
[Black "Lestrelin, Guillaume"]
[Result "1-0"]
[WhiteElo "2054"]
[BlackElo "2118"]
[PlyCount "113"]
[EventDate "2011.??.??"]

1. e4 c5 2. Nf3 d6 3. Bb5+ Bd7 4. Bxd7+ Qxd7 5. O-O Nf6 6. Re1 Nc6 7. c3 e6 8.
d4 cxd4 9. cxd4 d5 10. e5 Ne4 11. a3 Be7 12. Qd3 O-O 13. Nbd2 Nxd2 14. Bxd2
Rfc8 15. h4 Qd8 16. b4 b5 17. Qxb5 a5 18. Rec1 Rab8 19. Qa4 Qd7 20. b5 Na7 21.
Rxc8+ Rxc8 22. Rb1 Rb8 23. Qxa5 Rxb5 24. Rxb5 Nxb5 25. Qa8+ Qd8 26. Qxd8+ Bxd8
27. a4 Na7 28. Bb4 Nc6 29. Bc5 f6 30. Kf1 Kf7 31. Ke2 Ke8 32. Kd3 Kd7 33. h5
Bc7 34. h6 gxh6 35. exf6 Ke8 36. Kc2 Kf7 37. Ne5+ Bxe5 38. dxe5 Nxe5 39. a5 Nc6
40. a6 Kxf6 41. a7 Nxa7 42. Bxa7 e5 43. Kd3 Kf5 44. Ke3 h5 45. Bb6 d4+ 46. Kd3
h4 47. Bd8 Kg4 48. Bf6 h3 49. gxh3+ Kf4 50. h4 h5 51. f3 Kg3 52. Bxe5+ Kxh4 53.
Kxd4 Kg5 54. Ke4 h4 55. Bh2 Kg6 56. Kf4 Kh5 57. Bg1 1-0

[Event "Championnat de France 2011 - Open A"]
[Site "Caen"]
[Date "2011.08.24"]
[Round "8.9"]
[White "Aurel, Luc"]
[Black "Leuly, Max"]
[Result "1-0"]
[WhiteElo "2191"]
[BlackElo "2105"]
[PlyCount "125"]
[EventDate "2011.??.??"]

1. c4 Nf6 2. g3 e6 3. Bg2 d5 4. Nf3 c5 5. O-O Nc6 6. b3 Be7 7. d3 O-O 8. Bb2 b6
9. e3 Bb7 10. Qe2 Qc7 11. Nc3 Rad8 12. Ne1 a6 13. Nd1 Rd7 14. f4 dxc4 15. bxc4
Nb4 16. a3 Bxg2 17. Kxg2 Nc6 18. g4 Rfd8 19. g5 Ne4 20. Kg1 Nd6 21. Rc1 Ne8 22.
Qh5 g6 23. Qh6 Bf8 24. Qh3 Rxd3 25. Nxd3 Rxd3 26. Rf3 Bg7 27. Bxg7 Nxg7 28. Nf2
Rd7 29. Ne4 Nh5 30. Rff1 Qd8 31. Qf3 Na5 32. Rfd1 Kg7 33. Qe2 h6 34. Rxd7 Qxd7
35. Rd1 Qc7 36. gxh6+ Kxh6 37. Ng5 Nc6 38. Qb2 e5 39. Nf3 Ng7 40. Nxe5 Nxe5 41.
Qxe5 Qc8 42. Qg5+ Kh7 43. Qh4+ Nh5 44. e4 Qe6 45. f5 Qxc4 46. fxg6+ fxg6 47.
Rd7+ Kh6 48. Qe1 Nf4 49. Qe3 g5 50. h4 Qe6 51. hxg5+ Kg6 52. Rd2 Qg4+ 53. Kf2
Kxg5 54. Qf3 Qxf3+ 55. Kxf3 c4 56. Kf2 b5 57. Rd6 a5 58. Rb6 b4 59. Rb5+ Kg4
60. axb4 axb4 61. Ke3 b3 62. Kd4 Kf3 63. e5 1-0

[Event "Championnat de France 2011 - Open A"]
[Site "Caen"]
[Date "2011.08.24"]
[Round "8.10"]
[White "Cristofari, Antoine"]
[Black "Louis, Thibault"]
[Result "1/2-1/2"]
[WhiteElo "2157"]
[BlackElo "2071"]
[PlyCount "106"]
[EventDate "2011.??.??"]

1. e4 e6 2. d4 d5 3. Nc3 Nf6 4. e5 Nfd7 5. f4 c5 6. Nf3 Nc6 7. Be3 a6 8. Qd2 b5
9. a3 Qb6 10. Qf2 Bb7 11. g3 Rc8 12. Ne2 b4 13. Bh3 cxd4 14. Nexd4 Nxd4 15.
Nxd4 Bc5 16. O-O O-O 17. axb4 Qxb4 18. c3 Qb6 19. b4 Bxd4 20. Bxd4 Qc6 21. Rae1
g6 22. Qe3 Rcd8 23. Rf2 Bc8 24. g4 Bb7 25. g5 a5 26. bxa5 Ra8 27. Bg2 Rxa5 28.
Qh3 Rfa8 29. Qe3 Nc5 30. Rb2 Ra2 31. Reb1 Rxb2 32. Rxb2 Ra1+ 33. Kf2 Na4 34.
Rb3 Ra2+ 35. Kg3 Rb2 36. Ra3 Qc4 37. h4 Re2 38. Qg1 Rb2 39. Qd1 Qc6 40. h5 gxh5
41. Qxh5 Nc5 42. Bf1 Nb3 43. Rxb3 Rxb3 44. Bd3 Kf8 45. Qxh7 Qc7 46. Qh8+ Ke7
47. Qf6+ Kf8 48. g6 Kg8 49. g7 Rb2 50. Kf3 Rd2 51. Be2 Kh7 52. Qg5 Kg8 53. Bb5
Qb8 1/2-1/2

[Event "Championnat de France 2011 - Open A"]
[Site "Caen"]
[Date "2011.08.25"]
[Round "9.1"]
[White "Naudier, Serge"]
[Black "Agrech, Pierre"]
[Result "1-0"]
[WhiteElo "2194"]
[BlackElo "2142"]
[PlyCount "59"]
[EventDate "2011.??.??"]

1. d4 Nf6 2. c4 c5 3. d5 e6 4. Nc3 exd5 5. cxd5 d6 6. Nf3 g6 7. Bf4 Bg7 8. Qa4+
Bd7 9. Qb3 Qc7 10. e4 O-O 11. e5 Re8 12. O-O-O dxe5 13. Nxe5 Nh5 14. d6 Qc8 15.
Qxf7+ Kh8 16. Nxd7 Nxd7 17. Bb5 Rf8 18. Bxd7 Qd8 19. Qe7 Nxf4 20. g3 Qa5 21.
Qe1 Rad8 22. Ba4 Ne6 23. Qxe6 Bxc3 24. bxc3 Qxc3+ 25. Kb1 b5 26. Bc2 c4 27. Qe1
Qa3 28. Qe5+ Kg8 29. Be4 Qb4+ 30. Ka1 1-0